[Event "4NCL 3 South pool C"]
[Site "Daventry, ENG"]
[Date "2019.05.04"]
[Round "9.21"]
[White "Brown, Thomas"]
[Black "Kwiatkowski, Feliks J"]
[Result "1/2-1/2"]
[WhiteElo "2079"]
[BlackElo "2230"]
[PlyCount "107"]
[EventDate "2019.05.04"]
[WhiteTeam "Rhyfelwyr Essyllwg"]
[BlackTeam "Kings Head"]

1. d4 Nf6 2. c4 g6 3. Nc3 d5 4. cxd5 Nxd5 5. e4 Nxc3 6. bxc3 Bg7 7. Be3 c5 8.
Rc1 Qa5 9. Qd2 O-O 10. d5 f5 11. exf5 Bxf5 12. Nf3 Nd7 13. Be2 c4 14. Nd4 Ne5
15. Nxf5 Rxf5 16. f4 Nd3+ 17. Bxd3 cxd3 18. c4 Qa3 19. O-O Rc8 20. g4 Rff8 21.
Rfd1 b6 22. Qxd3 Qxa2 23. Rd2 Qa4 24. Qe4 Qd7 25. h3 Qd6 26. Ra2 Rc7 27. Rac2
Rfc8 28. Kg2 Kf7 29. f5 Be5 30. fxg6+ hxg6 31. Rf1+ Kg8 32. Bh6 Bg7 33. Bf4 e5
34. dxe6 Qc6 35. Re1 Re7 36. Kg3 Qxe4 37. Rxe4 Rc6 38. Rce2 a5 39. Bg5 Re8 40.
e7 Bf6 41. Bxf6 Rxf6 42. g5 Rf5 43. h4 b5 44. cxb5 Rxb5 45. Re6 Kg7 46. Rf6
Rb3+ 47. Kg2 Rb4 48. Ree6 Rxh4 49. Rxg6+ Kf7 50. Rgf6+ Kg7 51. Rf5 a4 52. Kg3
Rb4 53. g6 Rb7 54. Ra5 1/2-1/2

[Event "4NCL 3 South pool C"]
[Site "Daventry, ENG"]
[Date "2019.05.04"]
[Round "9.22"]
[White "Tukpetov, Evgeny"]
[Black "Hewitt, William"]
[Result "1-0"]
[WhiteElo "2179"]
[BlackElo "2018"]
[PlyCount "65"]
[EventDate "2019.05.04"]
[WhiteTeam "Kings Head"]
[BlackTeam "Rhyfelwyr Essyllwg"]

1. e4 c6 2. Nc3 d5 3. Nf3 Bg4 4. h3 Bxf3 5. Qxf3 Nf6 6. d3 e6 7. Qg3 Nh5 8. Qh2
Nf6 9. Be2 d4 10. Nb1 Be7 11. O-O O-O 12. f4 c5 13. Nd2 Nc6 14. g4 Nb4 15. Bd1
b5 16. a3 Nc6 17. b3 Na5 18. g5 Ne8 19. h4 Rc8 20. f5 e5 21. Nf3 f6 22. h5 Kh8
23. h6 Rg8 24. g6 gxh6 25. Bxh6 Qc7 26. Kf2 Bf8 27. Bxf8 Rxf8 28. Rh1 c4 29.
bxc4 bxc4 30. Be2 cxd3 31. Qxh7+ Qxh7 32. Rxh7+ Kg8 33. Rah1 1-0

[Event "4NCL 3 South pool C"]
[Site "Daventry, ENG"]
[Date "2019.05.04"]
[Round "9.23"]
[White "Garcia, Jason"]
[Black "McMichael, Richard J"]
[Result "1/2-1/2"]
[WhiteElo "2024"]
[BlackElo "2177"]
[PlyCount "51"]
[EventDate "2019.05.04"]
[WhiteTeam "Rhyfelwyr Essyllwg"]
[BlackTeam "Kings Head"]

1. e4 e6 2. d3 d5 3. Nd2 Nf6 4. Ngf3 Be7 5. g3 b5 6. Bg2 Bb7 7. Qe2 c5 8. O-O
Nc6 9. Re1 Qc7 10. Nf1 h6 11. exd5 Nxd5 12. c4 bxc4 13. dxc4 Nf6 14. b3 Nd7 15.
Bb2 Bf6 16. Rad1 O-O 17. Ne3 Bxb2 18. Qxb2 Nf6 19. Qe2 a5 20. Nc2 a4 21. Na3
axb3 22. Nb5 Qe7 23. axb3 Nb4 24. Ne5 Bxg2 25. Kxg2 Rfd8 26. Rxd8+ 1/2-1/2

[Event "4NCL 3 South pool C"]
[Site "Daventry, ENG"]
[Date "2019.05.04"]
[Round "9.24"]
[White "Guthrie, David"]
[Black "Trevelyan, John"]
[Result "1-0"]
[WhiteElo "2131"]
[BlackElo "1989"]
[PlyCount "51"]
[EventDate "2019.05.04"]
[WhiteTeam "Kings Head"]
[BlackTeam "Rhyfelwyr Essyllwg"]

1. d4 d6 2. e4 e5 3. Nf3 Nc6 4. Bb5 Bd7 5. O-O Nf6 6. Re1 Nxd4 7. Nxd4 exd4 8.
Bxd7+ Qxd7 9. Qxd4 Be7 10. c4 O-O 11. Nc3 Rfe8 12. b3 Bf8 13. Bb2 c6 14. Rad1
Qe6 15. f3 b6 16. Kh1 Rad8 17. Ne2 Nd7 18. Ng3 Qg6 19. Nf5 Re6 20. Qf2 Rde8 21.
Nd4 Re5 22. Nxc6 Rh5 23. Nb4 d5 24. Nxd5 Bd6 25. Nf6+ Nxf6 26. Rxd6 1-0

[Event "4NCL 3 South pool C"]
[Site "Daventry, ENG"]
[Date "2019.05.04"]
[Round "9.25"]
[White "Ralphs, Nigel"]
[Black "Clarke, Peter C"]
[Result "1/2-1/2"]
[WhiteElo "1979"]
[BlackElo "2102"]
[PlyCount "80"]
[EventDate "2019.05.04"]
[WhiteTeam "Rhyfelwyr Essyllwg"]
[BlackTeam "Kings Head"]

1. c4 d6 2. Nc3 e5 3. d4 exd4 4. Qxd4 Nc6 5. Qd2 Be6 6. b3 Nf6 7. e4 g6 8. Bb2
Bg7 9. g3 O-O 10. Bg2 a5 11. Nge2 a4 12. Nxa4 Bxc4 13. Rc1 Ba6 14. O-O Re8 15.
Bxf6 Qxf6 16. Rfe1 Bxe2 17. Rxe2 Nd4 18. Ree1 Re7 19. Nc3 c6 20. Ne2 Nf3+ 21.
Bxf3 Qxf3 22. Qxd6 Rxe4 23. Qd2 Rae8 24. Nf4 Bh6 25. Rxe4 Qxe4 26. Rc4 Qe1+ 27.
Qxe1 Rxe1+ 28. Kg2 Bxf4 29. Rxf4 Kf8 30. Rb4 Re7 31. Kf3 Ke8 32. Re4 Kd7 $11
33. Rxe7+ Kxe7 34. Ke4 Kd6 35. Kd4 f5 36. f4 c5+ 37. Kc4 Kc6 38. a4 b6 39. b4
cxb4 40. Kxb4 Kc7 1/2-1/2

[Event "4NCL 3 South pool C"]
[Site "Daventry, ENG"]
[Date "2019.05.04"]
[Round "9.26"]
[White "Gilfillan, Andrew"]
[Black "Jones, Derek"]
[Result "0-1"]
[WhiteElo "2095"]
[BlackElo "1925"]
[PlyCount "76"]
[EventDate "2019.05.04"]
[WhiteTeam "Kings Head"]
[BlackTeam "Rhyfelwyr Essyllwg"]

1. e4 e6 2. d3 d5 3. Nd2 c5 4. g3 Nc6 5. Bg2 Nge7 6. Ngf3 g6 7. O-O Bg7 8. Re1
O-O 9. Qe2 b6 10. h4 Ba6 11. a3 c4 12. dxc4 dxc4 13. Rb1 Qc8 14. c3 Qc7 15. Nf1
Rad8 16. N1h2 h5 17. Bf4 e5 18. Bg5 f6 19. Be3 Rd6 20. b4 Bb5 21. a4 Bxa4 22.
Qxc4+ Kh7 23. Qa2 b5 24. Bc5 Rd3 25. c4 a6 26. Bf1 Rdd8 27. Rbc1 Bh6 28. Rc3
Qb7 29. g4 Bf4 30. Bh3 Nd4 31. Nxd4 exd4 32. Rf3 Be5 33. Nf1 hxg4 34. Bxg4 Kg7
35. Ng3 d3 36. cxb5 d2 37. Qb1 dxe1=Q+ 38. Qxe1 Rd1 0-1

[Event "4NCL 3 South pool C"]
[Site "Daventry, ENG"]
[Date "2019.05.04"]
[Round "9.31"]
[White "Thompson, Ian D"]
[Black "Moloney, Nicholas R"]
[Result "1/2-1/2"]
[WhiteElo "2149"]
[BlackElo "2157"]
[PlyCount "82"]
[EventDate "2019.05.04"]
[WhiteTeam "CSC 1"]
[BlackTeam "Fermented Sharks"]

1. c4 f5 2. d4 Nf6 3. Nc3 g6 4. Bg5 Bg7 5. Qd2 c5 6. d5 h6 7. Bxf6 Bxf6 8. e4
Qa5 9. exf5 gxf5 10. Bd3 d6 11. Nge2 Na6 12. Nf4 Nc7 13. O-O Bd7 14. Ne6 Nxe6
15. dxe6 Bxe6 16. Qe2 Bf7 17. Nd5 Bxd5 18. cxd5 O-O-O 19. Bxf5+ Kb8 20. a3 Qa4
21. Rab1 Qf4 22. Be6 Rhf8 23. b4 Be5 24. g3 Qf3 25. Qc2 Qc3 26. Qxc3 Bxc3 27.
Kg2 Kc7 28. f4 Rb8 29. b5 b6 30. Bg4 Ra8 31. Be2 Rf5 32. Bc4 Rg8 33. Kf3 Rf7
34. Rb3 Bd4 35. Re1 Kd7 36. Re6 Bf6 37. Ke4 Rfg7 38. Be2 Rc8 39. Bc4 Rcg8 40.
Be2 Rc8 41. Bc4 Rcg8 1/2-1/2

[Event "4NCL 3 South pool C"]
[Site "Daventry, ENG"]
[Date "2019.05.04"]
[Round "9.32"]
[White "Okhai, Shabir"]
[Black "Farrand, Tom"]
[Result "1-0"]
[WhiteElo "2073"]
[BlackElo "2163"]
[PlyCount "65"]
[EventDate "2019.05.04"]
[WhiteTeam "Fermented Sharks"]
[BlackTeam "CSC 1"]

1. e4 c5 2. Nf3 e6 3. d4 cxd4 4. Nxd4 Nf6 5. Bd3 Nc6 6. Nxc6 dxc6 7. Nd2 e5 8.
Nc4 Be7 9. O-O Qc7 10. f4 Bg4 11. Qe1 exf4 12. Bxf4 Qd7 13. Kh1 h5 14. Bg5 h4
15. e5 Nd5 16. Bxe7 Kxe7 17. Qf2 Be6 18. Qc5+ Kd8 19. Rad1 h3 20. g3 b6 21. Qf2
Kc7 22. Be4 Qe7 23. Nd6 Bg4 24. Rxd5 cxd5 25. Bxd5 Qxe5 26. Nb5+ Kb8 27. Qxf7
Bc8 28. Bxa8 Qxb5 29. Be4 Re8 30. Qf4+ Qe5 31. Bd3 Bb7+ 32. Kg1 Bg2 33. Re1 1-0

[Event "4NCL 3 South pool C"]
[Site "Daventry, ENG"]
[Date "2019.05.04"]
[Round "9.33"]
[White "Frostick, Clive A"]
[Black "Niccoli, Tony"]
[Result "0-1"]
[WhiteElo "2121"]
[BlackElo "2038"]
[PlyCount "114"]
[EventDate "2019.05.04"]
[WhiteTeam "CSC 1"]
[BlackTeam "Fermented Sharks"]

1. e4 e5 2. Nc3 Nc6 3. Bc4 Nf6 4. d3 Bc5 5. Bg5 h6 6. Bh4 d6 7. Na4 Bb6 8. Nxb6
axb6 9. c3 Be6 10. Bxe6 fxe6 11. f3 Qd7 12. Ne2 g5 13. Bf2 O-O-O 14. Qa4 Kb8
15. O-O-O Rhf8 16. Rhe1 g4 17. Bh4 Rde8 18. Rf1 Qg7 19. f4 Qg6 20. Rf2 Nh5 21.
Rdf1 exf4 22. Nxf4 Nxf4 23. Rxf4 Rxf4 24. Rxf4 Qh5 25. g3 Ne5 26. Qd1 Rg8 27.
h3 Qg6 28. d4 Nc4 29. Rxg4 Qh7 30. Rxg8+ Qxg8 31. b3 Na5 32. Qg4 Qf7 33. Qf4
Qh5 34. Kd2 Nc6 35. Qf6 Qa5 36. a4 e5 37. d5 Nd4 38. b4 Nb3+ 39. Kc2 Qxa4 40.
Kb2 Nd2 41. Kc1 Nc4 42. Qxh6 Qb3 43. Bg5 Qxc3+ 44. Kd1 Qd3+ 45. Ke1 Qxg3+ 46.
Kf1 Qf3+ 47. Kg1 Qxe4 48. h4 Qg4+ 49. Kf2 Qf5+ 50. Kg3 Qd3+ 51. Kh2 Qxd5 52.
Qg6 Ka7 53. Qf5 Nd2 54. Qc2 Nf3+ 55. Kg3 c6 56. Be3 Nd4 57. Qg6 Qf3+ 0-1

[Event "4NCL 3 South pool C"]
[Site "Daventry, ENG"]
[Date "2019.05.04"]
[Round "9.34"]
[White "Voyiakis, Emmanuel"]
[Black "Fegan, Chris"]
[Result "1-0"]
[WhiteElo "2022"]
[BlackElo "2038"]
[PlyCount "169"]
[EventDate "2019.05.04"]
[WhiteTeam "Fermented Sharks"]
[BlackTeam "CSC 1"]

1. e4 e5 2. Nf3 Nc6 3. g3 d6 4. Bg2 g6 5. c3 Bg7 6. O-O Nf6 7. Re1 O-O 8. d4
Rb8 9. Nbd2 Re8 10. h3 h6 11. b3 b5 12. d5 Ne7 13. Ba3 Nh5 14. Rc1 Rf8 15. c4
b4 16. Bb2 Bd7 17. a4 Be8 18. c5 f5 19. cxd6 cxd6 20. Nc4 Bf7 21. exf5 gxf5 22.
Bxe5 dxe5 23. Nfxe5 Be8 24. d6 Ng6 25. d7 Nxe5 26. Nxe5 Bxe5 27. dxe8=Q Rxe8
28. Qxh5 Qg5 29. Bd5+ Kh8 30. Qxg5 hxg5 31. Rc6 Kg7 32. Kg2 Rbd8 33. Bc4 Re7
34. f4 gxf4 35. gxf4 Bf6 36. Rxe7+ Bxe7 37. Rc7 Kf6 38. Rxa7 Rd4 39. Ra6+ Kg7
40. Ra7 Kf6 41. Ra6+ Kg7 42. a5 Rxf4 43. Re6 Bc5 44. a6 Rf2+ 45. Kh1 f4 46. Re2
Rf1+ 47. Kg2 Ra1 48. Re5 Be3 49. Rb5 Kf6 50. Rxb4 Ke5 51. Kf3 Rh1 52. Rb5+ Kd4
53. Ra5 Rxh3+ 54. Kg4 Rg3+ 55. Kh5 Rh3+ 56. Kg6 Rh8 57. Be6 Bd2 58. Ra4+ Ke3
59. Bc4 Ra8 60. a7 Kd4 61. Be2+ Ke3 62. Bb5 f3 63. Bc6 f2 64. Bb5 Kf3 65. Bc6+
Kg3 66. Bxa8 f1=Q 67. Be4 Bc3 68. Bf5 Qd1 69. a8=Q Qd6+ 70. Kh5 Bd4 71. Qg8+
Kf2 72. Qg6 Kf1 73. Qg4 Be3 74. Ra2 Bd2 75. Qh4 Ke2 76. Qc4+ Kf2 77. Qh4+ Ke2
78. Qe4+ Kf2 79. Qe6 Qh2+ 80. Kg6 Qh6+ 81. Kf7 Qh5+ 82. Bg6 Qd1 83. Qb6+ Kg2
84. Qe3 Qf1+ 85. Kg7 1-0

[Event "4NCL 3 South pool C"]
[Site "Daventry, ENG"]
[Date "2019.05.04"]
[Round "9.35"]
[White "Scrimgour, Alan"]
[Black "George, Matthew P"]
[Result "1/2-1/2"]
[WhiteElo "2087"]
[BlackElo "2000"]
[PlyCount "52"]
[EventDate "2019.05.04"]
[WhiteTeam "CSC 1"]
[BlackTeam "Fermented Sharks"]

1. e4 d5 2. exd5 Qxd5 3. d4 e5 4. Nf3 Nc6 5. Nc3 Bb4 6. Bd2 Bxc3 7. Bxc3 e4 8.
Ne5 Nxe5 9. dxe5 Ne7 10. Be2 Be6 11. Qxd5 Nxd5 12. Bd2 O-O-O 13. c4 Nb6 14. b3
Nd7 15. Bc3 Rhe8 16. O-O-O Bf5 17. f4 exf3 18. Bxf3 Nc5 19. Rxd8+ Rxd8 20. Be2
Nd3+ 21. Bxd3 Rxd3 22. Kb2 Kd7 23. Rf1 Ke6 24. b4 h5 25. b5 h4 26. a4 g5
1/2-1/2

[Event "4NCL 3 South pool C"]
[Site "Daventry, ENG"]
[Date "2019.05.04"]
[Round "9.36"]
[White "Millward, Kevin P"]
[Black "Kalitsis, Nikolaos"]
[Result "1-0"]
[WhiteElo "1960"]
[BlackElo "2046"]
[PlyCount "71"]
[EventDate "2019.05.04"]
[WhiteTeam "Fermented Sharks"]
[BlackTeam "CSC 1"]

1. d4 e6 2. Bf4 Nf6 3. e3 b6 4. Nf3 Bb7 5. Be2 d6 6. O-O Nbd7 7. c4 Ne4 8. h3
Qe7 9. Nfd2 e5 10. Bh2 Nxd2 11. Qxd2 f5 12. Nc3 Nf6 13. Rfd1 g6 14. Nd5 Nxd5
15. cxd5 O-O-O 16. Qb4 Qf7 17. dxe5 dxe5 18. Qa4 Bd6 19. Qxa7 Bxd5 20. Bb5 e4
21. Ba6+ Kd7 22. Bxd6 Kxd6 23. Bc4 Ke5 24. Rxd5+ Rxd5 25. Bxd5 Kxd5 26. Qb7+
Ke5 27. Rc1 Rd8 28. Rxc7 Rd1+ 29. Kh2 Qxa2 30. Re7+ Kf6 31. Rxh7 Qe6 32. Qg7+
Kg5 33. Qh6+ Kf6 34. Qh4+ g5 35. Rh6+ Kf7 36. Qh5+ 1-0

[Event "4NCL 3 South pool C"]
[Site "Daventry, ENG"]
[Date "2019.05.04"]
[Round "9.41"]
[White "Scott, David A"]
[Black "Reynolds, D Ian W"]
[Result "1/2-1/2"]
[WhiteElo "2156"]
[BlackElo "2017"]
[PlyCount "60"]
[EventDate "2019.05.04"]
[WhiteTeam "Surbiton"]
[BlackTeam "Iceni 1"]

1. d4 Nf6 2. c4 e6 3. Nf3 b6 4. g3 Ba6 5. Nbd2 Bb7 6. Bg2 Ne4 7. O-O f5 8. Ne5
Nc6 9. Nxe4 Nxe5 10. Nf6+ gxf6 11. Bxb7 Rb8 12. dxe5 Rxb7 13. e4 Qe7 14. exf5
fxe5 15. Qf3 Rb8 16. f6 Qf7 17. Kg2 h5 18. Re1 d6 19. Bg5 Bh6 20. h4 Bxg5 21.
hxg5 Rg8 22. Qc6+ Kd8 23. f4 exf4 24. gxf4 Qxf6 25. Qe4 e5 26. Qh7 Rg7 27. Qxh5
Ke7 28. Qg4 Qg6 29. fxe5 Qxg5 30. exd6+ Kxd6 1/2-1/2

[Event "4NCL 3 South pool C"]
[Site "Daventry, ENG"]
[Date "2019.05.04"]
[Round "9.42"]
[White "Gibbs, Dominic V"]
[Black "Tambini, Jasper"]
[Result "1/2-1/2"]
[WhiteElo "1946"]
[BlackElo "2066"]
[PlyCount "172"]
[EventDate "2019.05.04"]
[WhiteTeam "Iceni 1"]
[BlackTeam "Surbiton"]

1. e4 e5 2. Nf3 Nc6 3. Bc4 Bc5 4. O-O Nf6 5. d3 d6 6. c3 Bb6 7. Bb3 h6 8. Nbd2
Ne7 9. Nc4 Ng6 10. a4 c6 11. Nxb6 axb6 12. d4 Qe7 13. dxe5 dxe5 14. Be3 O-O 15.
Nd2 c5 16. f3 Nf4 17. Nc4 Rd8 18. Qc2 Qc7 19. Rad1 Be6 20. Rxd8+ Rxd8 21. Rd1
Rxd1+ 22. Qxd1 Ne8 23. Nd2 c4 24. Bc2 Nd6 25. Nb1 g5 26. b4 cxb3 27. Bxb3 Bxb3
28. Qxb3 Nc4 29. Bf2 h5 30. Qd1 h4 31. h3 Kf8 32. Kh2 Ke7 33. g3 hxg3+ 34. Bxg3
Ne3 35. Qg1 Qc5 36. Bf2 Qc4 37. Bxe3 Qa2+ 38. Bf2 g4 39. fxg4 Nd3 40. Kg3 Nxf2
41. Qxf2 Qxb1 42. Qe3 Qb3 43. Qg5+ f6 44. Qg7+ Ke8 45. Qc7 Qxa4 46. Qc8+ Kf7
47. Qxb7+ Kg6 48. Qxb6 Qxe4 49. Qf2 Qd3+ 50. Qf3 Qc4 51. h4 e4 52. h5+ Kf7 53.
Qe3 Qc7+ 54. Kg2 Qb7 55. Kf2 Qb2+ 56. Kg3 Qb8+ 57. Qf4 Qb1 58. Qc7+ Ke6 59.
Qc6+ Ke7 60. Qc5+ Kf7 61. Kf4 Qc1+ 62. Kxe4 Qc2+ 63. Kf4 Qh2+ 64. Ke4 Qe2+ 65.
Kf4 Qh2+ 66. Kf3 Qh3+ 67. Kf2 Qxg4 68. Qc7+ Kf8 69. Qb8+ Kf7 70. Qb7+ Ke8 71.
Qf3 Qh4+ 72. Ke3 Qg5+ 73. Ke2 Kf7 74. c4 Qe5+ 75. Kd3 Qa1 76. Qb7+ Kg8 77. Qc8+
Kg7 78. Qg4+ Kf8 79. Qc8+ Kg7 80. Qd7+ Kh6 81. Qd5 Qd1+ 82. Kc3 Qa1+ 83. Kd2
Qb2+ 84. Kd1 Qb1+ 85. Ke2 f5 86. Qf7 Qc2+ 1/2-1/2

[Event "4NCL 3 South pool C"]
[Site "Daventry, ENG"]
[Date "2019.05.04"]
[Round "9.43"]
[White "Seymour, Timothy P"]
[Black "Ruthen, Stephen W"]
[Result "1-0"]
[WhiteElo "2123"]
[BlackElo "2014"]
[PlyCount "81"]
[EventDate "2019.05.04"]
[WhiteTeam "Surbiton"]
[BlackTeam "Iceni 1"]

1. d4 Nf6 2. Nf3 g6 3. c4 Bg7 4. e3 d6 5. Nc3 O-O 6. Be2 Nbd7 7. O-O e5 8. Qc2
Re8 9. b4 Nf8 10. Bb2 e4 11. Nd2 Bf5 12. Rfc1 h5 13. Qd1 N8h7 14. a4 h4 15. h3
Qd7 16. a5 Ng5 17. Bf1 Ngh7 18. a6 b6 19. Ra3 g5 20. Be2 Bxh3 21. gxh3 Qxh3 22.
Ncxe4 Nxe4 23. Bg4 Nxf2 24. Bxh3 Nxd1 25. Rxd1 Nf6 26. Bg2 Rad8 27. Rf1 g4 28.
d5 Nh5 29. Bxg7 Nxg7 30. Ne4 Re5 31. Nf6+ Kh8 32. Rf4 Nh5 33. Nxh5 Rxh5 34.
Rxg4 f5 35. Rf4 h3 36. Bf3 h2+ 37. Kh1 Rg5 38. Ra2 Re8 39. Rxh2+ Kg7 40. e4
fxe4 41. Bxe4 1-0

[Event "4NCL 3 South pool C"]
[Site "Daventry, ENG"]
[Date "2019.05.04"]
[Round "9.44"]
[White "Hughes, Roy"]
[Black "Faulks, Nick"]
[Result "1-0"]
[WhiteElo "1987"]
[BlackElo "1925"]
[PlyCount "89"]
[EventDate "2019.05.04"]
[WhiteTeam "Iceni 1"]
[BlackTeam "Surbiton"]

1. Nf3 Nf6 2. c4 c5 3. Nc3 d5 4. cxd5 Nxd5 5. d4 e6 6. e4 Nxc3 7. bxc3 cxd4 8.
cxd4 Bb4+ 9. Bd2 Bxd2+ 10. Qxd2 O-O 11. Bb5 b6 12. O-O Bb7 13. Qe3 Nd7 14. Rac1
Nf6 15. Bd3 Qe7 16. h3 Rac8 17. Qe2 Qa3 18. Rc2 Rc3 19. Rxc3 Qxc3 20. Rd1 Qa3
21. e5 Nd5 22. Bxh7+ Kxh7 23. Ng5+ Kg6 24. Qg4 f5 25. Qh4 Qe7 26. Qh7+ Kxg5 27.
h4+ Kf4 28. g3+ Ke4 29. Qh5 Nc3 30. Rd2 Kd5 31. Qf3+ Ne4 32. Qb3+ Kc6 33. Rc2+
Nc5 34. dxc5 bxc5 35. Qa4+ Kb6 36. Rb2+ Kc7 37. Qxa7 Kc8 38. Rxb7 Qxb7 39.
Qxc5+ Kd7 40. Qxf8 Qb1+ 41. Kg2 Qxa2 42. Qxg7+ Kc6 43. Qh8 Qd5+ 44. Kh2 Qf3 45.
Qa8+ 1-0

[Event "4NCL 3 South pool C"]
[Site "Daventry, ENG"]
[Date "2019.05.04"]
[Round "9.45"]
[White "Way, Julian M"]
[Black "Downham, Alan F"]
[Result "1-0"]
[WhiteElo "1973"]
[BlackElo "1967"]
[PlyCount "117"]
[EventDate "2019.05.04"]
[WhiteTeam "Surbiton"]
[BlackTeam "Iceni 1"]

1. c4 g6 2. Nc3 Bg7 3. Nf3 d6 4. g3 c5 5. Bg2 Nc6 6. O-O Nf6 7. a3 O-O 8. Rb1
Be6 9. d3 Rc8 10. Bd2 h6 11. b4 b6 12. Re1 Qd7 13. b5 Nd8 14. e4 Bg4 15. Qc1
Kh7 16. a4 Nh5 17. Nd5 e6 18. Ne3 e5 19. a5 Bh3 20. axb6 axb6 21. Nd5 Rb8 22.
Nh4 Bxg2 23. Kxg2 f5 24. exf5 gxf5 25. Qd1 Qf7 26. Rf1 f4 27. Qf3 Ne6 28. Qe4+
Kg8 29. Qg6 Nf6 30. Qxf7+ Rxf7 31. Nc3 Rd8 32. Rfe1 fxg3 33. hxg3 Nd4 34. Ne2
Nxe2 35. Rxe2 Nd7 36. Rh1 Rf6 37. Ra1 Kh7 38. Ra7 Rf7 39. Kg1 Kg8 40. Ng2 Nf6
41. Ra6 Rb8 42. Ne3 Bf8 43. Nd1 Kh7 44. Nc3 Kg6 45. Kg2 Be7 46. Be3 Bd8 47. Bc1
Rd7 48. f4 exf4 49. Bxf4 Kg7 50. Kf3 Rbb7 51. Nd5 Nxd5 52. cxd5 Re7 53. Rxe7+
Bxe7 54. Ra8 Rd7 55. Ke4 Bd8 56. Kf5 Rf7+ 57. Ke6 Bc7 58. Re8 Rf6+ 59. Kd7 1-0

[Event "4NCL 3 South pool C"]
[Site "Daventry, ENG"]
[Date "2019.05.04"]
[Round "9.46"]
[White "Somton, Anita"]
[Black "Alcock, Graham P"]
[Result "1-0"]
[WhiteElo "1982"]
[BlackElo "1750"]
[PlyCount "101"]
[EventDate "2019.05.04"]
[WhiteTeam "Iceni 1"]
[BlackTeam "Surbiton"]

1. d4 Nf6 2. Nf3 e6 3. c4 d5 4. g3 Be7 5. Bg2 O-O 6. O-O c5 7. cxd5 Nxd5 8. Nc3
Nc6 9. Nxd5 Qxd5 10. Ne5 Qxd4 11. Nxc6 bxc6 12. Bxc6 Rb8 13. Qc2 Bb7 14. Be3
Qd6 15. Bxb7 Rxb7 16. Rac1 Rc8 17. Rfd1 Qb6 18. b3 h6 19. Rd3 Rbc7 20. Rc3 Qa5
21. Rc4 Bd6 22. Rg4 Kf8 23. Qb2 f6 24. Qc2 f5 25. Rc4 Qb5 26. Rd1 Rc6 27. a4
Qb7 28. Rxd6 Rxd6 29. Bxc5 Rxc5 30. Rxc5 Qb6 31. a5 Rd1+ 32. Kg2 Qd6 33. Rc8+
Kf7 34. Qc7+ Kf6 35. Qxd6 Rxd6 36. Rc7 Ra6 37. b4 g6 38. Kf3 h5 39. Ke3 Ke5 40.
f4+ Kd5 41. Kd3 e5 42. Rc5+ Ke6 43. fxe5 g5 44. Kc4 Kd7 45. Kd5 g4 46. e3 h4
47. e6+ Kd8 48. gxh4 Ke7 49. Rc7+ Kd8 50. Rd7+ Ke8 51. h5 1-0

[Event "4NCL 3 South pool D"]
[Site "Daventry, ENG"]
[Date "2019.05.05"]
[Round "10.51"]
[White "Byron, Alan M"]
[Black "Hall, John"]
[Result "1/2-1/2"]
[WhiteElo "2208"]
[BlackElo "2207"]
[PlyCount "40"]
[EventDate "2019.05.05"]
[WhiteTeam "The Rookies"]
[BlackTeam "Leeds University Old Boys"]

1. e4 c5 2. Nf3 d6 3. d4 cxd4 4. Nxd4 Nf6 5. Nc3 g6 6. Be3 Bg7 7. f3 Nc6 8. Qd2
O-O 9. O-O-O d5 10. exd5 Nxd5 11. Nxc6 bxc6 12. Bd4 Bxd4 13. Qxd4 Qb6 14. Na4
Qc7 15. Bc4 Rd8 16. g3 Rd6 17. Qc5 Be6 18. Bb3 Nb6 19. Nc3 Bxb3 20. axb3 Rad8
1/2-1/2

[Event "4NCL 3 South pool D"]
[Site "Daventry, ENG"]
[Date "2019.05.05"]
[Round "10.52"]
[White "Pickard, Charles"]
[Black "Burrows, Martin P"]
[Result "1/2-1/2"]
[WhiteElo "2155"]
[BlackElo "2146"]
[PlyCount "56"]
[EventDate "2019.05.05"]
[WhiteTeam "Leeds University Old Boys"]
[BlackTeam "The Rookies"]

1. Nf3 Nf6 2. c4 e6 3. g3 d5 4. Bg2 dxc4 5. Qa4+ Nbd7 6. Qxc4 a6 7. d3 b5 8.
Qc2 Bb7 9. O-O c5 10. a4 Be7 11. Nc3 b4 12. Nd1 O-O 13. Ne3 Nb6 14. a5 Nbd5 15.
Nc4 Nd7 16. e4 Nc7 17. Be3 Nb5 18. Nfd2 Qc7 19. Nb3 Rac8 20. Rac1 Rfd8 21. Rfd1
Qb8 22. f4 Qa8 23. Qf2 f5 24. exf5 exf5 25. Bxb7 Qxb7 26. Qg2 Qxg2+ 27. Kxg2
Bf6 28. Kf2 g6 1/2-1/2

[Event "4NCL 3 South pool D"]
[Site "Daventry, ENG"]
[Date "2019.05.05"]
[Round "10.53"]
[White "Jones, Christopher M"]
[Black "Mossong, Hubert"]
[Result "1/2-1/2"]
[WhiteElo "2113"]
[BlackElo "2066"]
[PlyCount "77"]
[EventDate "2019.05.05"]
[WhiteTeam "The Rookies"]
[BlackTeam "Leeds University Old Boys"]

1. e4 d6 2. d4 Nf6 3. Nc3 c6 4. f4 Qa5 5. Bd3 e5 6. Nf3 Bg4 7. dxe5 dxe5 8. O-O
Nbd7 9. h3 Bxf3 10. Qxf3 Bd6 11. f5 h6 12. a3 O-O 13. Kh1 Be7 14. Be3 Nh7 15.
Ne2 Bg5 16. Bf2 Qd8 17. Rad1 Qe7 18. Bc4 Rad8 19. b4 Nb6 20. Bd3 Na4 21. Rb1
Rd7 22. Rb3 Rfd8 23. Nc3 Nb6 24. a4 Bd2 25. a5 Nc8 26. Rfb1 Bxc3 27. Rxc3 a6
28. Rc5 Nd6 29. Bg3 f6 30. Rb3 Nb5 31. Bc4+ Kh8 32. Bxb5 cxb5 33. h4 Rd4 34.
Bf2 R4d7 35. Rbc3 Nf8 36. Kh2 Qf7 37. Rc8 Qe8 38. Rxd8 Qxd8 39. Bb6 1/2-1/2

[Event "4NCL 3 South pool D"]
[Site "Daventry, ENG"]
[Date "2019.05.05"]
[Round "10.54"]
[White "Wojciechowski, Paul"]
[Black "Compton, Alistair"]
[Result "1/2-1/2"]
[WhiteElo "1912"]
[BlackElo "2023"]
[PlyCount "81"]
[EventDate "2019.05.05"]
[WhiteTeam "Leeds University Old Boys"]
[BlackTeam "The Rookies"]

1. e4 e6 2. d4 d5 3. Nd2 dxe4 4. Nxe4 Bd7 5. Nf3 Bc6 6. Bd3 Nd7 7. O-O Ngf6 8.
Qe2 Bxe4 9. Bxe4 Nxe4 10. Qxe4 c6 11. Bf4 Be7 12. c3 O-O 13. Rfe1 Qb6 14. Qc2
Nf6 15. Ne5 Rad8 16. Rad1 Nd5 17. Bg3 c5 18. dxc5 Qxc5 19. Nd3 Qb6 20. Qe2 Qa6
21. a3 Bf6 22. Be5 Bxe5 23. Qxe5 Qc4 24. Nb4 Nf4 25. h3 Rxd1 26. Rxd1 a5 27.
Qxa5 Qe4 28. Qg5 f5 29. Kh2 h6 30. Qg3 g5 31. Rd4 Qe5 32. h4 Kf7 33. Nd3 Nxd3
34. Rxd3 f4 35. Qf3 Kf6 36. Rd4 b5 37. h5 Rc8 38. g4 Rc4 39. Rxc4 bxc4 40. Qa8
Ke7 41. Kg2 1/2-1/2

[Event "4NCL 3 South pool D"]
[Site "Daventry, ENG"]
[Date "2019.05.05"]
[Round "10.55"]
[White "Jaszkiwskyj, Peter"]
[Black "Birkin, Mark H"]
[Result "1-0"]
[WhiteElo "1919"]
[BlackElo "1969"]
[PlyCount "69"]
[EventDate "2019.05.05"]
[WhiteTeam "The Rookies"]
[BlackTeam "Leeds University Old Boys"]

1. d4 e6 2. c4 f5 3. Nf3 Nf6 4. g3 Be7 5. Bg2 O-O 6. O-O d6 7. b3 Ne4 8. Qc2
Qe8 9. Bb2 a5 10. a3 Qh5 11. Nbd2 Nxd2 12. Qxd2 g5 13. e3 f4 14. exf4 gxf4 15.
Rae1 Rf7 16. Re4 Bf8 17. Qe2 Bd7 18. Bc1 Bh6 19. gxf4 Nc6 20. f5 Bxc1 21. fxe6
Bxe6 22. Rxe6 Bh6 23. Re8+ Rxe8 24. Qxe8+ Bf8 25. Re1 Qf5 26. Qe4 Qxe4 27. Rxe4
Be7 28. d5 Nb8 29. Nd4 Na6 30. Ne6 Bf6 31. Rg4+ Kh8 32. Rf4 Kg8 33. Be4 Bb2 34.
Bxh7+ Rxh7 35. Rf8# 1-0

[Event "4NCL 3 South pool D"]
[Site "Daventry, ENG"]
[Date "2019.05.05"]
[Round "10.56"]
[White "Taylor, Mark V"]
[Black "Gibson, Christopher A"]
[Result "0-1"]
[WhiteElo "1911"]
[BlackElo "1887"]
[PlyCount "50"]
[EventDate "2019.05.05"]
[WhiteTeam "Leeds University Old Boys"]
[BlackTeam "The Rookies"]

1. d4 Nf6 2. c4 g6 3. Nc3 Bg7 4. e4 d6 5. Nf3 O-O 6. h3 e5 7. d5 Nh5 8. Nh2 Na6
9. Be2 Nf4 10. Bf3 Nc5 11. Be3 Nfd3+ 12. Ke2 Nxb2 13. Qc2 Nxc4 14. Bxc5 dxc5
15. Nb5 Nd6 16. Qxc5 Nxb5 17. Qxb5 f5 18. Qc4 Kh8 19. Rac1 c6 20. dxc6 bxc6 21.
Qa4 fxe4 22. Bxe4 Rxf2+ 23. Kxf2 Qd2+ 24. Kf3 Ba6 25. Rcf1 Qf4# 0-1

[Event "4NCL 3 South pool D"]
[Site "Daventry, ENG"]
[Date "2019.05.05"]
[Round "10.61"]
[White "Davison, Chris"]
[Black "Kenworthy, Gary"]
[Result "0-1"]
[WhiteElo "2048"]
[BlackElo "2249"]
[PlyCount "78"]
[EventDate "2019.05.05"]
[WhiteTeam "Poisoned Pawns 1"]
[BlackTeam "MK Phoenix 1"]

1. Nf3 g6 2. g3 Bg7 3. Bg2 e5 4. d3 d5 5. O-O Ne7 6. Nbd2 O-O 7. e4 c6 8. Re1
d4 9. Nb3 a5 10. a4 Na6 11. Bd2 b6 12. c3 c5 13. cxd4 cxd4 14. Nc1 h6 15. Ne2
Be6 16. Rf1 Nc5 17. Nc1 Nc6 18. Ne1 Qd7 19. f4 Rac8 20. f5 gxf5 21. Qh5 fxe4
22. dxe4 f6 23. Bxh6 Qf7 24. Qxf7+ Rxf7 25. Bxg7 Kxg7 26. Ned3 Nb4 27. Nxc5
bxc5 28. Ra3 c4 29. Raf3 d3 30. R3f2 Rb8 31. Bf3 Nc2 32. b3 cxb3 33. Nxd3 Bc4
34. Be2 Nd4 35. Nf4 Nxe2+ 36. Nxe2 b2 37. Nc3 Bxf1 38. Rxf1 Rc7 39. Nb1 Rc1 0-1